NBA - Meilleurs Scoreurs ALL-TIME - Statistiques

Statistiques générales
  • Ce quiz a été pris 1 011 fois
  • Le résultat moyen est 12 sur 20
Statistiques - réponses
Points Joueurs % Correct
41 924 LeBron James
100%
32 292 Michael Jordan
93%
38 387 Kareem Abdul-Jabbar
92%
33 643 Kobe Bryant
90%
30 344 Kevin Durant
89%
27 314 James Harden
76%
28 596 Shaquille O'Neal
76%
31 419 Wilt Chamberlain
76%
36 928 Karl Malone
70%
27 409 Moses Malone
66%
26 496 Tim Duncan
63%
31 560 Dirk Nowitzki
54%
26 946 Hakeem Olajuwon
50%
28 289 Carmelo Anthony
47%
26 071 Kevin Garnett
37%
26 710 Oscar Robertson
25%
26 397 Paul Pierce
25%
26 395 John Havlicek
16%
26 668 Dominique Wilkins
13%
27 313 Elvin Hayes
12%
Aucun quiz correspondant
Distribution des résultats
% des personnes avec chaque résultat
Percentile par nombre de réponses
Votre historique - résultats
Vous n’avez pas pris ce quiz